|
|
|
|
| LEADER |
00000nam0a2200000 4500 |
| 001 |
297453 |
| 005 |
20231102001017.0 |
| 035 |
|
|
|a (RuTPU)RU\TPU\book\322586
|
| 090 |
|
|
|a 297453
|
| 100 |
|
|
|a 20150608d1964 k y0rusy50 ca
|
| 101 |
0 |
|
|a rus
|
| 102 |
|
|
|a RU
|
| 105 |
|
|
|a a z 001zy
|
| 200 |
0 |
|
|a Верхнепалеозойская флора севера Сибири. Вып. 1: Хвощевые
|f В. А. Хахлов
|
| 210 |
|
|
|a Томск
|c Изд-во Томского ун-та
|d 1964
|
| 215 |
|
|
|a 182 с.
|c ил.
|
| 320 |
|
|
|a Библиогр.: с. 112.
|
| 606 |
1 |
|
|a Биостратиграфия
|2 stltpush
|3 (RuTPU)RU\TPU\subj\64571
|9 81419
|
| 606 |
1 |
|
|a Палеоботаника
|2 stltpush
|3 (RuTPU)RU\TPU\subj\47946
|9 66843
|
| 610 |
1 |
|
|a флора
|
| 610 |
1 |
|
|a хвощи
|
| 610 |
1 |
|
|a таблицы
|
| 610 |
1 |
|
|a объяснения
|
| 675 |
|
|
|a 551.7
|v 4
|
| 675 |
|
|
|a 561
|v 4
|
| 700 |
|
1 |
|a Хахлов
|b В. А.
|c российский геолог
|c профессор Томского государственного университета
|f 1894-1972
|g Венедикт Андреевич
|2 stltpush
|3 (RuTPU)RU\TPU\pers\13890
|
| 801 |
|
1 |
|a RU
|b 63413507
|c 20150608
|
| 801 |
|
2 |
|a RU
|b 63413507
|c 20180327
|g RCR
|
| 942 |
|
|
|c BK
|